00656nam a2200205 a 450000500170000001000280001702000260004502000230007102000110009403500270010503700150013203700150014708200150016210000240017724500910020126000450029227000440033730000280038150000410040919820422000000.0 aENG-92325 B-445457-461 c125.00a9788125034605 c125.00a8125034609 c175.00 aEN-75858 B-445457-461 bDBAD / PUB bAllied Pub a306.095461 aBista, Dor Bahadur  aFatalism and development:cby Dor Bahadur Bista bNepal's struggle for modernization / bOrient Longman c2008(repr.). aKolkata  a17 Chittaranjan AvenuebKolkatae700072 axii, 187p.c21cm (pbk)  aIncludes bibliographical references